Normal view
MARC view
Entry Personal Name
001 - CONTROL NUMBER
- control field: 22167
003 - CONTROL NUMBER IDENTIFIER
- control field: dpl
005 - DATE AND TIME OF LATEST TRANSACTION
- control field: 20100928123025.0
008 - FIXED-LENGTH DATA ELEMENTS
- fixed length control field: 100928|||a|||||| | ||| d
040 ## - CATALOGING SOURCE
- Original cataloging agency: dpl
- Transcribing agency: dpl
100 ## - HEADING--PERSONAL NAME
- Personal name: ਹਰਬੰਸ ਸਿੰਘ ਝੰਡੂ
670 ## - SOURCE DATA FOUND
- Source citation: Work cat.: (dpl): ਏ.ਐਸ. ਕੰਗ 21104, ਗਿੱਧਿਆਂ ਦੀ ਰਾਣੀਏ ਨੀ ਗਿੱਧੇ ਵਿੱਚ ਆ /, 1975
670 ## - SOURCE DATA FOUND
- Source citation: Work cat.: (dpl): ਏ.ਐਸ. ਕੰਗ 21104, ਗਿੱਧਿਆਂ ਦੀ ਰਾਣੀਏ ਨੀ ਗਿੱਧੇ ਵਿੱਚ ਆ /, 1975
